000
00332nam a2200145Ia 4500
999
_c
10547
_d
10547
003
OSt
005
20220404124710.0
008
220318s9999 xx 000 0 und d
020
_a
9789881652799
082
_a
724.7
100
_a
Pionner Space
245
0
_a
100XN architectural shape and skin II
260
_a
Phonix
942
_2
ddc